<?xml version="1.0" encoding="UTF-8"?>
<record
    xmlns:xsi="http://www.w3.org/2001/XMLSchema-instance"
    xsi:schemaLocation="http://www.loc.gov/MARC21/slim http://www.loc.gov/standards/marcxml/schema/MARC21slim.xsd"
    xmlns="http://www.loc.gov/MARC21/slim">

  <leader>01776nam a2200337   4500</leader>
  <controlfield tag="001">113825</controlfield>
  <controlfield tag="003">DR-UNIBE</controlfield>
  <controlfield tag="005">20250709085736.0</controlfield>
  <controlfield tag="008">250703b2006    dr ||||| |||| 00| 0 spa d</controlfield>
  <datafield tag="040" ind1=" " ind2=" ">
    <subfield code="a">BIBLIOTECA UNIBE</subfield>
    <subfield code="b">spa</subfield>
    <subfield code="c">BIBLIOTECA UNIBE</subfield>
    <subfield code="e">rda</subfield>
  </datafield>
  <datafield tag="041" ind1=" " ind2=" ">
    <subfield code="a">spa</subfield>
  </datafield>
  <datafield tag="082" ind1=" " ind2=" ">
    <subfield code="2">22</subfield>
    <subfield code="a">RD 372.8 R822t </subfield>
  </datafield>
  <datafield tag="100" ind1="1" ind2="0">
    <subfield code="a">Rosoli Murillo, Analia </subfield>
    <subfield code="e">autor</subfield>
    <subfield code="9">27643</subfield>
  </datafield>
  <datafield tag="100" ind1=" " ind2=" ">
    <subfield code="a">Lima Jim&#xE9;nez, Dinorah de</subfield>
    <subfield code="e">autor</subfield>
    <subfield code="e">propuesta psicopedag&#xF3;gica</subfield>
    <subfield code="9">69880</subfield>
  </datafield>
  <datafield tag="245" ind1="1" ind2="0">
    <subfield code="a">Talleres integrados de lectoescritura 1 :</subfield>
    <subfield code="b">autobiograf&#xED;a, textos cient&#xED;ficos y reportes /</subfield>
    <subfield code="c">Analia Rosoli, Dinorah de Lima Jim&#xE9;nez</subfield>
  </datafield>
  <datafield tag="250" ind1=" " ind2=" ">
    <subfield code="a">Primera edici&#xF3;n</subfield>
  </datafield>
  <datafield tag="260" ind1=" " ind2=" ">
    <subfield code="a"> Santo Domingo :</subfield>
    <subfield code="b">Agencia de los Estados Unidos para el Desarrollo Internacional (USAID) :</subfield>
    <subfield code="b">CETT, </subfield>
    <subfield code="c">2006</subfield>
  </datafield>
  <datafield tag="300" ind1=" " ind2=" ">
    <subfield code="a">103 p&#xE1;ginas : </subfield>
    <subfield code="b">ilustraciones a color ; </subfield>
    <subfield code="c">27 x 21 cm</subfield>
  </datafield>
  <datafield tag="500" ind1=" " ind2=" ">
    <subfield code="a"> Gu&#xED;a de trabajo docente /cuarto grado de la educaci&#xF3;n primaria b&#xE1;sica</subfield>
  </datafield>
  <datafield tag="505" ind1=" " ind2=" ">
    <subfield code="a">&#xBF;Qu&#xE9; encontrar&#xE1; en esta gu&#xED;a |
A. Unidad tem&#xE1;tica: mi autobiograf&#xED;a |
B. Unidad tem&#xE1;tica: las vacunas son importantes |
C. Unidad tem&#xE1;tica: Los sonidos y el silencio |
D. Proyecto de aula: te cuento algo de mi |
E. Referencias bibliogr&#xE1;ficas</subfield>
  </datafield>
  <datafield tag="650" ind1=" " ind2="7">
    <subfield code="2">lemb</subfield>
    <subfield code="a"> Lectura </subfield>
    <subfield code="x">Educaci&#xF3;n primaria</subfield>
    <subfield code="9">197189</subfield>
  </datafield>
  <datafield tag="650" ind1=" " ind2="7">
    <subfield code="2">lemb</subfield>
    <subfield code="a">Comprensi&#xF3;n de lectura </subfield>
    <subfield code="x">Gu&#xED;as</subfield>
    <subfield code="9">197190</subfield>
  </datafield>
  <datafield tag="650" ind1=" " ind2="7">
    <subfield code="2">lemb</subfield>
    <subfield code="a">Escritura</subfield>
    <subfield code="x">Educaci&#xF3;n primaria</subfield>
    <subfield code="9">197191</subfield>
  </datafield>
  <datafield tag="700" ind1="1" ind2="0">
    <subfield code="a">Carrasco, Rafaela</subfield>
    <subfield code="9">196964</subfield>
    <subfield code="e">colaborador</subfield>
  </datafield>
  <datafield tag="700" ind1="1" ind2="0">
    <subfield code="a">Montenegro, Liliana</subfield>
    <subfield code="9">55076</subfield>
    <subfield code="e">colaborador</subfield>
  </datafield>
  <datafield tag="700" ind1="1" ind2="0">
    <subfield code="a">Mena, Norma</subfield>
    <subfield code="9">196965</subfield>
    <subfield code="e">colaborador</subfield>
  </datafield>
  <datafield tag="700" ind1="1" ind2="0">
    <subfield code="a">Olloqui, Marta de</subfield>
    <subfield code="9">196988</subfield>
    <subfield code="e">dise&#xF1;ador</subfield>
    <subfield code="e">diagramador</subfield>
    <subfield code="e">ilustrador</subfield>
  </datafield>
  <datafield tag="700" ind1="1" ind2="0">
    <subfield code="a">Cepeda, Frank E.</subfield>
    <subfield code="9">196989</subfield>
    <subfield code="e">dise&#xF1;ador</subfield>
    <subfield code="e">diagrmador</subfield>
    <subfield code="e">ilustrador</subfield>
  </datafield>
  <datafield tag="700" ind1="1" ind2="0">
    <subfield code="a">Herrera Chez, Homero</subfield>
    <subfield code="9">196990</subfield>
    <subfield code="e">dise&#xF1;ador</subfield>
    <subfield code="e">diagramador</subfield>
    <subfield code="e">ilustrador</subfield>
  </datafield>
  <datafield tag="942" ind1=" " ind2=" ">
    <subfield code="2">ddc</subfield>
    <subfield code="c">BK</subfield>
  </datafield>
  <datafield tag="999" ind1=" " ind2=" ">
    <subfield code="c">113825</subfield>
    <subfield code="d">113825</subfield>
  </datafield>
  <datafield tag="952" ind1=" " ind2=" ">
    <subfield code="0">0</subfield>
    <subfield code="1">0</subfield>
    <subfield code="2">ddc</subfield>
    <subfield code="7">0</subfield>
    <subfield code="8">GEN-RD</subfield>
    <subfield code="a">Principal</subfield>
    <subfield code="d">2025-07-03</subfield>
    <subfield code="l">0</subfield>
    <subfield code="o">RD 372.8 R822t </subfield>
    <subfield code="p">250728</subfield>
    <subfield code="r">2025-07-03 11:36:27</subfield>
    <subfield code="t">Ej. 1</subfield>
    <subfield code="w">2025-07-03</subfield>
    <subfield code="y">BK</subfield>
  </datafield>
</record>
